Planning and designing schools /
Đã lưu trong:
| Tác giả chính: | |
|---|---|
| Định dạng: | Sách |
| Ngôn ngữ: | English |
| Được phát hành: |
New York :
McGraw-Hill,
1998.
|
| Những chủ đề: | |
| Các nhãn: |
Thêm thẻ
Không có thẻ, Là người đầu tiên thẻ bản ghi này!
|
| Thư viện lưu trữ: | Mạng thư viện Đại học Đà Nẵng |
|---|
| LEADER | 00962cam a2200349 i 4500 | ||
|---|---|---|---|
| 001 | 000045373 | ||
| 003 | 4548 | ||
| 005 | 20030227103934.0 | ||
| 008 | 010320|1998 vm 000 eng | ||
| 020 | |a 0070494053 | ||
| 040 | |a IRC |c IRC |d IRC | ||
| 041 | 0 | |a eng | |
| 082 | 1 | 4 | |a 371.620973 |b BR-C |
| 100 | 1 | |a Brubaker, C. William. | |
| 245 | 0 | 0 | |a Planning and designing schools / |c C. William Brubaker. |
| 260 | |a New York : |b McGraw-Hill, |c 1998. | ||
| 300 | |a xiv, 203p. : |b ill. | ||
| 630 | 0 | 4 | |a Education. |
| 630 | 0 | 4 | |a School buildings. |
| 650 | 0 | 4 | |a Schools buildings |z United States |x Design and construction. |
| 650 | 0 | 4 | |a School buildings |z United States |x Planning. |
| 650 | 0 | 4 | |a School environment |z United States. |
| OWN | |a DUT | ||
| 999 | |a From the UDN01 | ||
| TYP | |a Monograph | ||
| TYP | |a Printed language | ||
| 980 | |a Mạng thư viện Đại học Đà Nẵng | ||


